Homenaje al profesor Guillermo Feliú Cruz.
Guardat en:
| Autor principal: | |
|---|---|
| Autor corporatiu: | |
| Altres autors: | |
| Format: | Llibre |
| Idioma: | espanyol |
| Publicat: |
Santiago, Chile:
Andrés Bello,
1973.
|
| Matèries: | |
| Etiquetes: |
Afegir etiqueta
Sense etiquetes, Sigues el primer a etiquetar aquest registre!
|
MARC
| LEADER | 00000nam a2200000 a 4500 | ||
|---|---|---|---|
| 001 | UCS7686 | ||
| 003 | CL-VaPUC | ||
| 005 | 20231026161810.0 | ||
| 008 | 971017e19730700CL |||||||||||||||||spa|d | ||
| 999 | |c 262595 |d 262593 | ||
| 040 | |c Pontificia Universidad Católica de Valparaíso | ||
| 082 | 0 | 4 | |a 983 BLA 1973 |2 21 |
| 100 | 0 | |a Blanc Renard, Neville |e autor |9 392724 | |
| 110 | 2 | |a Biblioteca del Congreso Nacional |e autor |9 392725 | |
| 245 | 1 | 0 | |a Homenaje al profesor Guillermo Feliú Cruz. |
| 260 | |a Santiago, Chile: |b Andrés Bello, |c 1973. | ||
| 300 | |a 1200 páginas. | ||
| 500 | |a c.4 Donación Familia Prof. Alejandro Guzmán Brito. | ||
| 583 | |a last modification |c 19971017 00:00:00 |k Rodrigo Vera | ||
| 600 | 0 | |a Feliú Cruz, Guillermo |e autor |9 392726 | |
| 650 | 0 | |a Historia |9 255047 | |
| 650 | 0 | |a Cultura |9 269059 | |
| 650 | 0 | |a Literatura chilena |9 308278 | |
| 650 | 0 | |a Homenajes |9 258192 | |
| 651 | 7 | |a CHILE |2 CL-VaPUC |9 392727 | |
| 700 | |a Amster, Mauricio |9 302651 |e proyección de la edición | ||
| 942 | |c BK |2 ddc |n 0 | ||
| 945 | |d 19971017 00:00:00 |a aolguin | ||
| 952 | |0 0 |1 0 |4 0 |6 983_000000000000000_BLA_1973 |7 0 |8 DER_HDC |9 291284 |a BIBDER |b BIBDER |d 2019-11-19 |i 1888781 |o 983 BLA 1973 |p 1888781 |r 2023-01-25 |w 2019-11-19 |x Ubicación 4to Piso |y BK |z Estos recursos deben solicitarse con anticipación |k DER | ||
| 952 | |0 0 |1 0 |4 0 |6 983_000000000000000_BLA_1973 |7 0 |8 X |9 291285 |a BIBHIS |b BIBHIS |d 2019-11-19 |i 1386026 |o 983 BLA 1973 |p 1386026 |r 2024-01-30 |w 2019-11-19 |y BK_X |k HIS | ||
| 952 | |0 0 |1 0 |4 0 |6 983_000000000000000_BLA_1973 |7 0 |8 X |9 291286 |a BIBHIS |b BIBHIS |d 2019-11-19 |i 1386034 |o 983 BLA 1973 |p 1386034 |r 2024-01-30 |w 2019-11-19 |y BK_X |k HIS | ||